Обобщенные предложения и замечания к проекту Конституции СССР, представленные исполкомами областных Советов депутатов трудящихся...

Доступно только в Электронных читальных залах Найти на картеНа карте
RUSMARC
00003640nac2a22002293x 450
00191fb5ec0-759f-4c50-ae06-15efc10e1abb
00520190302131933.0
100##$a20181229u k y0rusy50 ca
1010#$arus
102##$aRU
105##$ay z |||||
2001#$aОбобщенные предложения и замечания к проекту Конституции СССР, представленные исполкомами областных Советов депутатов трудящихся РСФСР (области: Курская, Ленинградская, Липецкая, Магаданская, Московская)
$hТ. 7
$j1977
215##$a242 листа
251##$cДело
300##$aМашинописный текст
330##$aВходит в раздел описи: II. Предложения и замечания к проекту Конституции СССР, поступившие в Конституционную комиссию
461#0$1001d61833fe-7036-4123-ba24-5c83654b2cf0
$12001
$aВерховный Совет СССР
$1251
$cФонд
$1852
$j7523
$gР
462#0$10015171c745-26a6-4d29-ab83-35ca1e5573e1
$12001
$aМатериалы по разработке Конституции (основного закона) СССР
$vД. 127
$1251
$cОпись
$1852
$j131
60101$3RU\NLR\AUTH\8817309
$aСССР
$bВерховный Совет
801#0$aRU
$bGA_RF
801#1$aRU
$bГлавНИВЦ
$c20181229
$2rusmarc
801#2$aRU
$bПБ им. Б.Н. Ельцина
$c20190302
$gRCR
$2rusmarc
852##$aГА РФ
$j127
937##$d126544417
$hПБ
035##$aRuPRLIB51054804
856##$uhttp://readingroom.main.prlib.ru/item.aspx?id_node=n126544417&mode=full
Формат отображения